| 000 -CABECERA |
| campo de control de longitud fija |
00787nam a2200241 u 4500 |
| 001 - NÚMERO DE CONTROL |
| campo de control |
000062191 |
| 005 - FECHA Y HORA DE LA ÚLTIMA TRANSACCIÓN |
| campo de control |
20200120224210.0 |
| 008 - DATOS DE LONGITUD FIJA--INFORMACIÓN GENERAL |
| campo de control de longitud fija |
140716s1986 ck gr| 000 0 spa d |
| 041 0# - CÓDIGO DE LENGUA |
| Código de lengua del texto/banda sonora o título independiente |
Yspa |
| 043 ## - CÓDIGO DE ÁREA GEOGRÁFICA |
| Código de área geográfica |
c-k---- |
| 082 04 - NÚMERO DE LA CLASIFICACIÓN DECIMAL DEWEY |
| Número de clasificación |
791.43 |
| Número de documento/Ítem |
B62 |
| Número de edición |
21 |
| 110 2# - ENTRADA PRINCIPAL--NOMBRE DE ENTIDAD CORPORATIVA |
| Nombre de entidad corporativa o nombre de jurisdicción como elemento de entrada |
Ministerio de Cultura |
| 245 13 - MENCIÓN DE TÍTULO |
| Título |
La boda del acordeonista / |
| Mención de responsabilidad, etc. |
dirección y guión Luis Fernando "Pacho" Bottía |
| Medio |
[Película] |
| 260 ## - PUBLICACIÓN, DISTRIBUCIÓN, ETC. |
| Lugar de publicación, distribución, etc. |
Bogotá : |
| Nombre del editor, distribuidor, etc. |
Ministerio de Cultura, |
| Fecha de publicación, distribución, etc. |
1986. |
| 300 ## - DESCRIPCIÓN FÍSICA |
| Extensión |
1 dvd. (94 min) : |
| Otras características físicas |
son., col. ; |
| Material acompañante/anejo |
12 cm. |
| 490 #0 - MENCIÓN DE SERIE |
| Mención de serie |
Plan Audiovisual Nacional |
| Designación de volumen o secuencia |
19 |
| 650 17 - PUNTO DE ACCESO ADICIONAL DE MATERIA--TÉRMINO DE MATERIA |
| Término de materia o nombre geográfico como elemento de entrada |
Leyendas |
| Subdivisión general |
cine |
| Fuente del encabezamiento o término |
LEMB |
| 650 27 - PUNTO DE ACCESO ADICIONAL DE MATERIA--TÉRMINO DE MATERIA |
| Término de materia o nombre geográfico como elemento de entrada |
Mujeres |
| Subdivisión general |
cine |
| Fuente del encabezamiento o término |
LEMB |
| 650 27 - PUNTO DE ACCESO ADICIONAL DE MATERIA--TÉRMINO DE MATERIA |
| Término de materia o nombre geográfico como elemento de entrada |
Música |
| Subdivisión general |
cine |
| Fuente del encabezamiento o término |
LEMB |
| 650 27 - PUNTO DE ACCESO ADICIONAL DE MATERIA--TÉRMINO DE MATERIA |
| Término de materia o nombre geográfico como elemento de entrada |
Cine documental |
| Fuente del encabezamiento o término |
LEMB |
| 650 27 - PUNTO DE ACCESO ADICIONAL DE MATERIA--TÉRMINO DE MATERIA |
| Término de materia o nombre geográfico como elemento de entrada |
Boda |
| Subdivisión general |
casamientos |
| -- |
cine |
| Fuente del encabezamiento o término |
LEMB |
| 700 1# - PUNTO DE ACCESO ADICIONAL--NOMBRE DE PERSONA |
| Nombre de persona |
Bottia, Luis Fernando "Pacho" |
| Término indicativo de función/relación |
director |